<?xml version="1.0" encoding="UTF-8"?>
<record
    xmlns:xsi="http://www.w3.org/2001/XMLSchema-instance"
    xsi:schemaLocation="http://www.loc.gov/MARC21/slim http://www.loc.gov/standards/marcxml/schema/MARC21slim.xsd"
    xmlns="http://www.loc.gov/MARC21/slim">

  <leader>01602nam a2200397 a 4500</leader>
  <controlfield tag="005">20240802110009.0</controlfield>
  <controlfield tag="008">100705t2016||||sp al. f |||| 001 0 spa d</controlfield>
  <datafield tag="020" ind1=" " ind2=" ">
    <subfield code="a">9788491130581</subfield>
  </datafield>
  <datafield tag="041" ind1=" " ind2=" ">
    <subfield code="a">spa</subfield>
  </datafield>
  <datafield tag="092" ind1=" " ind2=" ">
    <subfield code="c">575.1</subfield>
    <subfield code="l">44</subfield>
    <subfield code="s">JOR</subfield>
  </datafield>
  <datafield tag="100" ind1="1" ind2=" ">
    <subfield code="a">Jorde, Lynn B.</subfield>
    <subfield code="9">38</subfield>
  </datafield>
  <datafield tag="245" ind1=" " ind2=" ">
    <subfield code="a">Gen&#xE9;tica m&#xE9;dica /  </subfield>
    <subfield code="c">Lynn B. Jorde</subfield>
  </datafield>
  <datafield tag="250" ind1=" " ind2=" ">
    <subfield code="a">5a ed. en espa&#xF1;ol de la 5a ed. de la obra original en ingl&#xE9;s.</subfield>
    <subfield code="b">Traducci&#xF3;n Elsevier Espa&#xF1;a</subfield>
  </datafield>
  <datafield tag="260" ind1=" " ind2=" ">
    <subfield code="a">Barcelona:</subfield>
    <subfield code="b">Elsevier;</subfield>
    <subfield code="c">2016.</subfield>
  </datafield>
  <datafield tag="300" ind1=" " ind2=" ">
    <subfield code="a">355 p.</subfield>
    <subfield code="b">il.</subfield>
  </datafield>
  <datafield tag="500" ind1=" " ind2=" ">
    <subfield code="a">Jorde, L  B., Carey, J. C. y Bamshad, M. J. (2016). Gen&#xE9;tica m&#xE9;dica. (5a ed.). Barcelona : Elsevier.</subfield>
  </datafield>
  <datafield tag="653" ind1=" " ind2=" ">
    <subfield code="a">Antecedentes e historia</subfield>
  </datafield>
  <datafield tag="653" ind1=" " ind2=" ">
    <subfield code="a">Biolog&#xED;a celular b&#xE1;sica: estructura y funci&#xF3;n de los genes y cromosomas</subfield>
  </datafield>
  <datafield tag="653" ind1=" " ind2=" ">
    <subfield code="a">Variaci&#xF3;n gen&#xE9;tica:suorigen y detecci&#xF3;n</subfield>
  </datafield>
  <datafield tag="653" ind1=" " ind2=" ">
    <subfield code="a">Herencia autos&#xF3;mica dominante y recesiva</subfield>
  </datafield>
  <datafield tag="653" ind1=" " ind2=" ">
    <subfield code="a">Modos de herencia ligados al sexo y no cl&#xE1;sicos</subfield>
  </datafield>
  <datafield tag="653" ind1=" " ind2=" ">
    <subfield code="a">Citogen&#xE9;tica cl&#xED;nica: base cromosomica de la enfermedad humana</subfield>
  </datafield>
  <datafield tag="653" ind1=" " ind2=" ">
    <subfield code="a">Gen&#xE9;tica bioqu&#xED;mica: trastornos del metabolismo</subfield>
  </datafield>
  <datafield tag="653" ind1=" " ind2=" ">
    <subfield code="a">Identificaci&#xF3;n de genes causante de enfermedades</subfield>
  </datafield>
  <datafield tag="653" ind1=" " ind2=" ">
    <subfield code="a">Inmunogen&#xE9;tica</subfield>
  </datafield>
  <datafield tag="653" ind1=" " ind2=" ">
    <subfield code="a">Bases gen&#xE9;ticas del desarrollo</subfield>
  </datafield>
  <datafield tag="653" ind1=" " ind2=" ">
    <subfield code="a">Gen&#xE9;tica del c&#xE1;ncer</subfield>
  </datafield>
  <datafield tag="653" ind1=" " ind2=" ">
    <subfield code="a">Herencia multifactorial y enfermedades comunes</subfield>
  </datafield>
  <datafield tag="653" ind1=" " ind2=" ">
    <subfield code="a">Pruebas gen&#xE9;ticas y terapia g&#xE9;nica</subfield>
  </datafield>
  <datafield tag="653" ind1=" " ind2=" ">
    <subfield code="a">Gen&#xE9;tica y medicina de precisi&#xF3;n</subfield>
  </datafield>
  <datafield tag="653" ind1=" " ind2=" ">
    <subfield code="a">Gen&#xE9;tica cl&#xED;nica y asesoramiento gen&#xE9;tico</subfield>
  </datafield>
  <datafield tag="653" ind1=" " ind2=" ">
    <subfield code="a">Glosario</subfield>
  </datafield>
  <datafield tag="700" ind1="1" ind2=" ">
    <subfield code="a">Carey, John C.</subfield>
    <subfield code="9">39</subfield>
  </datafield>
  <datafield tag="700" ind1="1" ind2=" ">
    <subfield code="a">Bamshad, Michael J.</subfield>
    <subfield code="9">40</subfield>
  </datafield>
  <datafield tag="942" ind1=" " ind2=" ">
    <subfield code="2">ddc</subfield>
    <subfield code="c">BK</subfield>
  </datafield>
  <datafield tag="999" ind1=" " ind2=" ">
    <subfield code="c">2264</subfield>
    <subfield code="d">2264</subfield>
  </datafield>
  <datafield tag="952" ind1=" " ind2=" ">
    <subfield code="0">0</subfield>
    <subfield code="1">0</subfield>
    <subfield code="2">ddc</subfield>
    <subfield code="4">0</subfield>
    <subfield code="7">0</subfield>
    <subfield code="8">REF</subfield>
    <subfield code="a">BFM</subfield>
    <subfield code="b">BFM</subfield>
    <subfield code="c">REF</subfield>
    <subfield code="d">2016-11-04</subfield>
    <subfield code="g">1090.00</subfield>
    <subfield code="l">27</subfield>
    <subfield code="m">2</subfield>
    <subfield code="o">575.1 44 JOR</subfield>
    <subfield code="p">3719</subfield>
    <subfield code="r">2024-10-15</subfield>
    <subfield code="s">2024-10-15</subfield>
    <subfield code="t">Ej.27</subfield>
    <subfield code="w">2016-11-04</subfield>
    <subfield code="y">REF</subfield>
    <subfield code="z">LIBRO DE CONSULTA. Ejemplar reemplazado por S&#xE1;nchez Ezequiel (libro mojado), se le asigna nuevo inventario porque es una nueva edici&#xF3;n.</subfield>
  </datafield>
  <datafield tag="952" ind1=" " ind2=" ">
    <subfield code="0">0</subfield>
    <subfield code="1">0</subfield>
    <subfield code="2">ddc</subfield>
    <subfield code="4">0</subfield>
    <subfield code="7">0</subfield>
    <subfield code="a">BFM</subfield>
    <subfield code="b">BFM</subfield>
    <subfield code="c">CR</subfield>
    <subfield code="d">2018-11-20</subfield>
    <subfield code="e">Noviembre, 2018</subfield>
    <subfield code="g">2385.00</subfield>
    <subfield code="l">36</subfield>
    <subfield code="m">1</subfield>
    <subfield code="o">575.1 44 JOR</subfield>
    <subfield code="p">4351</subfield>
    <subfield code="r">2024-10-22</subfield>
    <subfield code="s">2024-10-15</subfield>
    <subfield code="t">Ej. 28</subfield>
    <subfield code="w">2018-11-20</subfield>
    <subfield code="y">BK</subfield>
    <subfield code="z">Compra Noviembre 2018. Fac. de Medicina.</subfield>
  </datafield>
  <datafield tag="952" ind1=" " ind2=" ">
    <subfield code="0">0</subfield>
    <subfield code="1">0</subfield>
    <subfield code="2">ddc</subfield>
    <subfield code="4">0</subfield>
    <subfield code="7">0</subfield>
    <subfield code="8">NFIC</subfield>
    <subfield code="a">BFM</subfield>
    <subfield code="b">BFM</subfield>
    <subfield code="c">CR</subfield>
    <subfield code="d">2019-08-01</subfield>
    <subfield code="e">UNComahue</subfield>
    <subfield code="g">2310.00</subfield>
    <subfield code="l">14</subfield>
    <subfield code="m">1</subfield>
    <subfield code="o">575.1 44 JOR</subfield>
    <subfield code="p">4465</subfield>
    <subfield code="r">2024-10-08</subfield>
    <subfield code="s">2024-10-01</subfield>
    <subfield code="t">Ej. 29</subfield>
    <subfield code="w">2019-08-01</subfield>
    <subfield code="y">BK</subfield>
    <subfield code="z">Compra UNComahue julio/19</subfield>
  </datafield>
  <datafield tag="952" ind1=" " ind2=" ">
    <subfield code="0">0</subfield>
    <subfield code="1">0</subfield>
    <subfield code="2">ddc</subfield>
    <subfield code="4">0</subfield>
    <subfield code="7">0</subfield>
    <subfield code="8">NFIC</subfield>
    <subfield code="a">BFM</subfield>
    <subfield code="b">BFM</subfield>
    <subfield code="c">CR</subfield>
    <subfield code="d">2019-08-01</subfield>
    <subfield code="e">UNComahue</subfield>
    <subfield code="g">2310.00</subfield>
    <subfield code="l">12</subfield>
    <subfield code="m">1</subfield>
    <subfield code="o">575.1 44 JOR</subfield>
    <subfield code="p">4466</subfield>
    <subfield code="r">2024-11-12</subfield>
    <subfield code="s">2024-11-05</subfield>
    <subfield code="t">Ej. 30</subfield>
    <subfield code="w">2019-08-01</subfield>
    <subfield code="y">BK</subfield>
    <subfield code="z">Compra UNComahue julio/19</subfield>
  </datafield>
  <datafield tag="952" ind1=" " ind2=" ">
    <subfield code="0">0</subfield>
    <subfield code="1">0</subfield>
    <subfield code="2">ddc</subfield>
    <subfield code="4">0</subfield>
    <subfield code="7">0</subfield>
    <subfield code="8">NFIC</subfield>
    <subfield code="a">BFM</subfield>
    <subfield code="b">BFM</subfield>
    <subfield code="c">CR</subfield>
    <subfield code="d">2019-08-01</subfield>
    <subfield code="e">UNComahue</subfield>
    <subfield code="g">2310.00</subfield>
    <subfield code="l">16</subfield>
    <subfield code="m">2</subfield>
    <subfield code="o">575.1 44 JOR</subfield>
    <subfield code="p">4467</subfield>
    <subfield code="r">2026-03-11</subfield>
    <subfield code="s">2026-03-02</subfield>
    <subfield code="t">Ej. 31</subfield>
    <subfield code="w">2019-08-01</subfield>
    <subfield code="y">BK</subfield>
    <subfield code="z">Compra UNComahue julio/19</subfield>
  </datafield>
  <datafield tag="952" ind1=" " ind2=" ">
    <subfield code="0">0</subfield>
    <subfield code="1">0</subfield>
    <subfield code="2">ddc</subfield>
    <subfield code="4">0</subfield>
    <subfield code="7">0</subfield>
    <subfield code="8">NFIC</subfield>
    <subfield code="a">BFM</subfield>
    <subfield code="b">BFM</subfield>
    <subfield code="c">CR</subfield>
    <subfield code="d">2019-08-01</subfield>
    <subfield code="e">UNComahue</subfield>
    <subfield code="g">2310.00</subfield>
    <subfield code="l">16</subfield>
    <subfield code="m">1</subfield>
    <subfield code="o">575.1 44 JOR</subfield>
    <subfield code="p">4468</subfield>
    <subfield code="r">2025-10-15</subfield>
    <subfield code="s">2025-10-08</subfield>
    <subfield code="t">Ej. 32</subfield>
    <subfield code="w">2019-08-01</subfield>
    <subfield code="y">BK</subfield>
    <subfield code="z">Compra UNComahue julio/19</subfield>
  </datafield>
  <datafield tag="952" ind1=" " ind2=" ">
    <subfield code="0">0</subfield>
    <subfield code="1">0</subfield>
    <subfield code="2">ddc</subfield>
    <subfield code="4">0</subfield>
    <subfield code="7">0</subfield>
    <subfield code="8">NFIC</subfield>
    <subfield code="a">BFM</subfield>
    <subfield code="b">BFM</subfield>
    <subfield code="c">CR</subfield>
    <subfield code="d">2019-08-01</subfield>
    <subfield code="e">UNComahue</subfield>
    <subfield code="g">2310.00</subfield>
    <subfield code="l">4</subfield>
    <subfield code="m">1</subfield>
    <subfield code="o">575.1 44 JOR</subfield>
    <subfield code="p">4469</subfield>
    <subfield code="r">2024-03-15</subfield>
    <subfield code="s">2023-09-20</subfield>
    <subfield code="t">Ej. 33</subfield>
    <subfield code="w">2019-08-01</subfield>
    <subfield code="y">BK</subfield>
    <subfield code="z">Compra UNComahue julio/19</subfield>
  </datafield>
  <datafield tag="952" ind1=" " ind2=" ">
    <subfield code="0">0</subfield>
    <subfield code="1">0</subfield>
    <subfield code="2">ddc</subfield>
    <subfield code="4">0</subfield>
    <subfield code="7">0</subfield>
    <subfield code="8">NFIC</subfield>
    <subfield code="a">BFM</subfield>
    <subfield code="b">BFM</subfield>
    <subfield code="c">CR</subfield>
    <subfield code="d">2019-08-01</subfield>
    <subfield code="e">UNComahue</subfield>
    <subfield code="g">2310.00</subfield>
    <subfield code="l">7</subfield>
    <subfield code="o">575.1 44 JOR</subfield>
    <subfield code="p">4470</subfield>
    <subfield code="r">2024-10-22</subfield>
    <subfield code="s">2024-10-15</subfield>
    <subfield code="t">Ej. 34</subfield>
    <subfield code="w">2019-08-01</subfield>
    <subfield code="y">BK</subfield>
    <subfield code="z">Compra UNComahue julio/19</subfield>
  </datafield>
  <datafield tag="952" ind1=" " ind2=" ">
    <subfield code="0">0</subfield>
    <subfield code="1">0</subfield>
    <subfield code="2">ddc</subfield>
    <subfield code="4">0</subfield>
    <subfield code="7">0</subfield>
    <subfield code="8">NFIC</subfield>
    <subfield code="a">BFM</subfield>
    <subfield code="b">BFM</subfield>
    <subfield code="c">CR</subfield>
    <subfield code="d">2019-08-01</subfield>
    <subfield code="e">UNComahue</subfield>
    <subfield code="g">2310.00</subfield>
    <subfield code="l">19</subfield>
    <subfield code="m">2</subfield>
    <subfield code="o">575.1 44 JOR</subfield>
    <subfield code="p">4471</subfield>
    <subfield code="r">2024-10-08</subfield>
    <subfield code="s">2024-10-01</subfield>
    <subfield code="t">Ej. 35</subfield>
    <subfield code="w">2019-08-01</subfield>
    <subfield code="y">BK</subfield>
    <subfield code="z">Compra UNComahue julio/19</subfield>
  </datafield>
  <datafield tag="952" ind1=" " ind2=" ">
    <subfield code="0">0</subfield>
    <subfield code="1">0</subfield>
    <subfield code="2">ddc</subfield>
    <subfield code="4">0</subfield>
    <subfield code="7">0</subfield>
    <subfield code="8">NFIC</subfield>
    <subfield code="a">BFM</subfield>
    <subfield code="b">BFM</subfield>
    <subfield code="c">CR</subfield>
    <subfield code="d">2019-08-01</subfield>
    <subfield code="e">UNComahue</subfield>
    <subfield code="g">2310.00</subfield>
    <subfield code="l">5</subfield>
    <subfield code="m">1</subfield>
    <subfield code="o">575.1 44 JOR</subfield>
    <subfield code="p">4472</subfield>
    <subfield code="r">2024-10-08</subfield>
    <subfield code="s">2024-10-01</subfield>
    <subfield code="t">Ej. 36</subfield>
    <subfield code="w">2019-08-01</subfield>
    <subfield code="y">BK</subfield>
    <subfield code="z">Compra UNComahue julio/19</subfield>
  </datafield>
  <datafield tag="952" ind1=" " ind2=" ">
    <subfield code="0">0</subfield>
    <subfield code="1">0</subfield>
    <subfield code="2">ddc</subfield>
    <subfield code="4">0</subfield>
    <subfield code="7">0</subfield>
    <subfield code="8">NFIC</subfield>
    <subfield code="a">BFM</subfield>
    <subfield code="b">BFM</subfield>
    <subfield code="c">CR</subfield>
    <subfield code="d">2019-08-07</subfield>
    <subfield code="e">UNComahue</subfield>
    <subfield code="g">2450.00</subfield>
    <subfield code="l">11</subfield>
    <subfield code="o">575.1 44 JOR</subfield>
    <subfield code="p">4536</subfield>
    <subfield code="r">2026-03-11</subfield>
    <subfield code="s">2025-12-09</subfield>
    <subfield code="t">Ej. 37</subfield>
    <subfield code="w">2019-08-07</subfield>
    <subfield code="y">BK</subfield>
    <subfield code="z">Compra UNComahue julio/19</subfield>
  </datafield>
  <datafield tag="952" ind1=" " ind2=" ">
    <subfield code="0">0</subfield>
    <subfield code="1">0</subfield>
    <subfield code="2">ddc</subfield>
    <subfield code="4">0</subfield>
    <subfield code="7">0</subfield>
    <subfield code="8">NFIC</subfield>
    <subfield code="a">BFM</subfield>
    <subfield code="b">BFM</subfield>
    <subfield code="c">CR</subfield>
    <subfield code="d">2019-08-07</subfield>
    <subfield code="e">UNComahue</subfield>
    <subfield code="g">2450.00</subfield>
    <subfield code="l">14</subfield>
    <subfield code="m">3</subfield>
    <subfield code="o">575.1 44 JOR</subfield>
    <subfield code="p">4537</subfield>
    <subfield code="r">2024-11-20</subfield>
    <subfield code="s">2024-11-12</subfield>
    <subfield code="t">Ej. 38</subfield>
    <subfield code="w">2019-08-07</subfield>
    <subfield code="y">BK</subfield>
    <subfield code="z">Compra UNComahue julio/19</subfield>
  </datafield>
  <datafield tag="952" ind1=" " ind2=" ">
    <subfield code="0">0</subfield>
    <subfield code="1">0</subfield>
    <subfield code="2">ddc</subfield>
    <subfield code="4">0</subfield>
    <subfield code="7">0</subfield>
    <subfield code="8">NFIC</subfield>
    <subfield code="a">BFM</subfield>
    <subfield code="b">BFM</subfield>
    <subfield code="c">CR</subfield>
    <subfield code="d">2019-08-07</subfield>
    <subfield code="e">UNComahue</subfield>
    <subfield code="g">2450.00</subfield>
    <subfield code="l">12</subfield>
    <subfield code="m">1</subfield>
    <subfield code="o">575.1 44 JOR</subfield>
    <subfield code="p">4538</subfield>
    <subfield code="r">2025-10-29</subfield>
    <subfield code="s">2025-10-22</subfield>
    <subfield code="t">Ej. 39</subfield>
    <subfield code="w">2019-08-07</subfield>
    <subfield code="y">BK</subfield>
    <subfield code="z">Compra UNComahue julio/19</subfield>
  </datafield>
</record>
